02420nam a2200589 a 450000500170000000800410001702000180005804100080007609200210008424500620010525001390016726000340030630000110034050001050035165300140045665300180047065300390048865300240052765300240055165300200057565300090059565300280060465300230063265300140065565300230066965300190069265300120071165300240072365300250074765300280077265300330080065300210083365300290085465300350088365300550091865300290097365300590100265300570106165300370111865300390115570000270119470000240122170000260124570000250127170000280129670000300132494200120135499900150136695201580138195201470153995201440168620240503104146.0100315t2011||||Sp a f |||| 001 0 spa d a9788480867399 aspa c616.072l31sGUI aGuía Mosby de exploración física /cHenry M. Seidel a7a ed. en español de la séptima edición de la obra original en inglésbRevisión Científica Angel del Palacio Pérez-Medel aBarcelona: bElsevier;c2011. a346 p. aSeidel, H. M. et al. (2011). Guía Mosby de exploración física. (7a ed.). Barcelona : Elsevier. aAnamnesis aEstado mental aNutrición, crecimiento y medidas aPiel, pelo y uñas aSistema linfático aCabeza y cuello aOjos aOidos, nariz y garganta aTórax y pulmones aCorazón aVasos sanguíneos aMamas y axilas aAbdomen aGenitales femenimos aGenitales masculinos aAno, recto y próstata aSistema musculoesquelético aSistema nervioso aExploración del adulto aExploración de la mujer sana aExploración de lactantes, niños y adolescentes aInformación y registro aApéndice A:refrencia rápida sobre casos especiales aApéndice B: herramientas de valoración del dolor aTablas de crecimiento de los CDC aEfectos adversos de los fármacos1 aSeidel, Henry M.930481 aBall, Jane W.930491 aDains, Joyce E.930501 aFlynn, John E.937031 aSolomon, Barry S.937041 aStewart, Rosalyn W.93705 2ddccBK c2139d2139 00102ddc40708REFaBFMbBFMcREFd2015-02-05g360.00l0o616.072 31 GUIp3447r2015-02-05tEj.1w2015-02-05yREFzLIBRO DE CONSULTA. COMPRA ENERO 2015 00102ddc4070aBFMbBFMcCRd2015-02-05g360.00l6m2o616.072 31 GUIp3448r2024-05-03s2024-04-30tEj.2w2015-02-05yBKzCOMPRA ENERO 2015 00102ddc4070aBFMbBFMcCRd2015-02-05g360.00l4o616.072 31 GUIp3449r2024-09-09s2024-08-30tEj.3w2015-02-05yBKzCOMPRA ENERO 2015